• 首页
  • 本馆介绍
  • 公告通知
  • 最新文献
  • 馆藏检索
  • 电子资源
  • 读者导购
  • 参考咨询
  • 我的图书馆
  • 登录
  • 详细信息显示
  • 放入我的书架
  • 预约/预借图书
  • 作者相关作品
  • 分类相关作品
  • 丛书相关作品
  • 出版社相关作品

书目信息

  • 表格格式
  • 工作单格式
  • 卡片格式
题名:
绿色食品和有机产品产业化开发
    
 
作者: 吴文良 主编
分册:  
出版信息: 北京   中国农业大学出版社  2012.09
页数: 314页
开本: 27cm
丛书名: 现代农业高新技术成果丛书
单 册:
中图分类: F326.5
科图分类:
主题词: 无污染技术--农产品--产业化发展--研究--新疆 , 无污染技术 , 农产品 , 产业化发展
电子资源:
ISBN: 978-7-5655-0557-7
000 01452oam2 2200337 450
001 01001011262728
005 20140611154050.57
010    @a978-7-5655-0557-7@b精装@dCNY90.00
100    @a20130417d2012 em y0chiy50 ea
101 0  @achi
102    @aCN@b110000
105    @aak z 000yy
106    @ar
200 1  @a绿色食品和有机产品产业化开发@9lu^ se shi pin he you ji chan pin chan ye hua kai fa@e以新疆伊犁河流域为例@dGreen food and organic farming development@ea case study in Ili river valley, Xinjiang uygur autonomous region@f吴文良主编@zeng
210    @a北京@c中国农业大学出版社@d2012.09
215    @a314页@c图@d27cm
225 2  @a现代农业高新技术成果丛书
300    @a国家出版基金项目
330    @a本书系统地阐述了新疆伊犁河流域水土开发与综合利用、环境质量评价状况,结合国内外有机农业研究进展,对伊犁主要农产品大豆、水稻、葡萄等进行了研究。
333    @a可供推广绿色有机农业的农林科技工作者使用
461  0 @12001 @a现代农业高新技术成果丛书
510 1  @aGreen food and organic farming development@ea case study in Ili river valley, Xinjiang uygur autonomous region@zeng
517 1  @a以新疆伊犁河流域为例@9yi xin jiang yi li he liu yu wei li
606 0  @a无污染技术@x农产品@x产业化发展@x研究@y新疆
606 0  @a无污染技术
606 0  @a农产品
606 0  @a产业化发展
690    @aF326.5@v5
701  0 @a吴文良@9wu wen liang@f(1961-)@4主编
801  0 @aCN@b人天书店@c20130417
905    @b549190-92@dF326.5@e146@f3
    
    绿色食品和有机产品产业化开发:以新疆伊犁河流域为例=Green food and organic farming development:a case study in Ili river valley, Xinjiang uygur autonomous region/吴文良主编.-北京:中国农业大学出版社,2012.09
    314页:图;27cm.-(现代农业高新技术成果丛书)
    国家出版基金项目.-使用对象:可供推广绿色有机农业的农林科技工作者使用
    
    ISBN 978-7-5655-0557-7(精装):CNY90.00
    本书系统地阐述了新疆伊犁河流域水土开发与综合利用、环境质量评价状况,结合国内外有机农业研究进展,对伊犁主要农产品大豆、水稻、葡萄等进行了研究。
●
相关链接 在E读中查询图书 在五车中查询图书 在当当中查询图书 在豆瓣中查询图书


正题名:绿色食品和有机产品产业化开发     索取号:F326.5/146         预约/预借

序号 登录号 条形码 馆藏地/架位号 状态 备注
1 549190   205491902   第一样本阅览室/ [索取号:F326.5/146] 在馆    
2 549191   205491911   第一借阅区/ [索取号:F326.5/146] 在馆    
3 549192   205491920   第一借阅区/ [索取号:F326.5/146] 在馆    
唐山师范学院图书馆 欢迎您!
大连网信软件有限公司© 版权所有